MARC

LEADER 00000nam0a2200000 4500
001 81354
005 20231031095126.0
035 |a (RuTPU)RU\TPU\book\87454 
090 |a 81354 
100 |a 20050920d1980 k y0rusy50 ca 
101 0 |a rus 
102 |a RU 
105 |a a z 001zy 
200 1 |a Спекание тугоплавких соединений  |f П. С. Кислый, М. А. Кузенкова  |g АН УССР; Ин-т сверхтвердых материалов 
210 |a Киев  |c Наукова думка  |d 1980 
215 |a 167 с.  |c ил. 
320 |a Библиогр.: с. 154-165 
610 1 |a тугоплавкие соединения 
610 1 |a спекание 
610 1 |a процессы 
610 1 |a строение 
610 1 |a кинетика 
610 1 |a активированное спекание 
675 |a 621.762:669  |v 3 
700 1 |a Кислый  |b П. С.  |g Павел Степанович 
701 1 |a Кузенкова  |b М. А.  |g Майя Александровна 
712 0 2 |a Академия наук Украинской ССР (АН УССР)  |b Институт сверхтвердых материалов (ИСМ)  |c (Киев)  |2 stltpush  |3 (RuTPU)RU\TPU\col\2641 
801 1 |a RU  |b 63413507  |c 20050920  |g PSBO 
801 2 |a RU  |b 63413507  |c 20130910  |g PSBO 
942 |c BK